| 000 | 01184pam a2200337 a 4500 | ||
|---|---|---|---|
| 001 | 2407101 | ||
| 003 | Ke-BoTe | ||
| 005 | 20220428144024.0 | ||
| 008 | 861208s1987 enka b 001 0 eng c | ||
| 010 | _a 86032141 | ||
| 020 | _a0871893126 | ||
| 040 |
_aDNLM/DLC _cDLC _dDLC |
||
| 050 | 0 | 0 |
_aRC388.5 _b.C35 1987 |
| 060 | _aWL 355 C311m | ||
| 082 | 0 | 0 |
_a616.8/1 _219 |
| 100 | 1 |
_aCarr, Janet H. _93922 |
|
| 245 | 1 | 2 |
_aA motor relearning programme for stroke / _cJanet H. Carr, Roberta B. Shepherd. |
| 250 | _a2nd ed., US ed. | ||
| 260 |
_aOxford : _bHeinemann Medical Books ; _aRockville, Md. : _bAspen Publishers, _c1987 _g(1990 printing) |
||
| 300 |
_a188 p. : _bill. ; _c26 cm. |
||
| 500 | _a"An Aspen publication." | ||
| 504 | _aIncludes bibliographies and index. | ||
| 650 | 0 |
_aCerebrovascular disease _xPatients _xRehabilitation. _93923 |
|
| 650 | 0 |
_aPhysical therapy. _93878 |
|
| 650 | 2 |
_aCerebrovascular Disorders _xrehabilitation. _93924 |
|
| 650 | 2 |
_aPhysical Therapy _xmethods. _93925 |
|
| 700 | 1 |
_aShepherd, Roberta B. _93926 |
|
| 906 |
_a7 _bcbc _corignew _d1 _eocip _f19 _gy-gencatlg |
||
| 942 |
_2lcc _cBK _n0 |
||
| 999 |
_c1972 _d1972 |
||